000
00443nam a2200169Ia 4500
008
090711s9999 xx 000 0 und d
082
_b
64515
100
_a
नलगे राजाराम
245
_a
ईर्षा
260
_c
1989
300
_a
126
600
_a
नलगे राजाराम
630
_a
ईर्षा
700
_a
नलगे राजाराम
730
_a
ईर्षा
942
_c
BOOK
999
_c
310666
_d
310666